Bordering Quartets Quiz Stats

 Plays Quiz not verified by Sporcle

Score 0/12 Timer 03:00
0 Plays Today
% Correct
Belgium, France, Germany, Luxembourg
81%
Argentina, Bolivia, Brazil, Paraguay
78.8%
Bosnia and Herzegovina, Croatia, Montenegro, Serbia
72.7%
Belarus, Lithuania, Poland, Russia
69.1%
Belarus, Poland, Russia, Ukraine
66.5%
Burundi, Democratic Republic of the Congo, Rwanda, Tanzania
64.7%
Belarus, Latvia, Lithuania, Russia
60.4%
Armenia, Azerbaijan, Georgia, Turkey
60%
Armenia, Azerbaijan, Iran, Turkey
57%
Democratic Republic of the Congo, Rwanda, Tanzania, Uganda
53.2%
Belgium, France, Germany, Netherlands
52%
Malawi, Mozambique, Tanzania, Zambia
45.8%

You're not logged in!

Compare scores with friends on all Sporcle quizzes.
OR
Log In

Show Comments

Extras

Top Quizzes Today


Score Distribution

Your Account Isn't Verified!

In order to create a playlist on Sporcle, you need to verify the email address you used during registration. Go to your Sporcle Settings to finish the process.

Report this User

Report this user for behavior that violates our Community Guidelines.

Details: